000 01268nam a22002057a 4500
999 _c9921
_d9921
003 AR-CdUCM
008 190328b ||||| |||| 00| 0 spa d
020 _a84-7069-460-X
040 _aMUNICIPALIDAD PROVINCIAL DEL CUSCO
_cBIBLIOTECA MUNICIPAL DEL CUSCO
082 _a030 /
_bE56
110 _aOceano
_918116
245 _aEnciclopedia autodidacta océano /
260 _aBarcelona :
_bOcéano - Éxito,
_c1987.
300 _a4 tomos ;
_c26 cm.
440 _aEnciclopedia autodidactica océano.
_926468
505 _aContenido: v.1. Lingüística -- Formación del castellano -- Gramática española -- Curso de inglés -- Curso de francés -- Literatura universal -- Literatura española e hispanoamericana -- Filosofía -- Psicología -- Derecho -- v.2. Matemáticas -- Economía -- Contabilidad -- Computación -- Física -- Tecnología -- v.3. Química -- Biología -- La Botánica -- Zoología y paleontología -- Antropología -- Anatomía y fisiología -- Geología -- Astronomía -- Astronáutica -- vol. 4. Geografía -- Historia universal -- Historia de América Latina -- Sociología y política -- Arte y música -- Dibujo -- Educación física y deportes.
650 _aEnciclopedias y diccionarios.
_926469
942 _2ddc
_cLIBROS
945 _arum